Actuarial Finance Derivatives, Quantitative Models and Risk Management
Guardado en:
| Autor principal: | |
|---|---|
| Otros Autores: | |
| Formato: | Libro |
| Lenguaje: | inglés |
| Publicado: |
Hoboken
WILEY
2019
|
| Edición: | 1st Edition |
| Materias: | |
| Etiquetas: |
Sin Etiquetas, Sea el primero en etiquetar este registro!
|
MARC
| LEADER | 00000nam a2200000 4500 | ||
|---|---|---|---|
| 001 | 0258364 | ||
| 005 | 20240221113857.6 | ||
| 020 | |a 978-1-119-13700-9 | ||
| 041 | 0 | |a eng | |
| 044 | |a US | ||
| 245 | 1 | 0 | |a Actuarial Finance |b Derivatives, Quantitative Models and Risk Management |c Mathieu Boudreault and Jean-François Renaud |
| 250 | |a 1st Edition | ||
| 264 | 1 | |a Hoboken |b WILEY |c 2019 | |
| 300 | |a 564 s. | ||
| 610 | 2 | 0 | |a aktuári |
| 610 | 2 | 0 | |a financie |
| 610 | 2 | 0 | |a trh finančný |
| 610 | 2 | 0 | |a forwardy |
| 610 | 2 | 0 | |a futurity |
| 610 | 2 | 0 | |a swap |
| 610 | 2 | 0 | |a opcie |
| 610 | 2 | 0 | |a funkcie matematické |
| 610 | 2 | 0 | |a poistenie |
| 610 | 2 | 0 | |a modely |
| 610 | 2 | 0 | |a deriváty |
| 610 | 2 | 0 | |a riadenie rizík |
| 610 | 2 | 0 | |a modelovanie finančné |
| 100 | 1 | |a Boudreault, Mathieu | |
| 700 | 1 | |a Renaud, Jean-François | |